[Event "IECG TG.2002.0.14704"]
[Site "IECG email"]
[Date "2002.??.??"]
[Round "1"]
[White "Balaam, Gavin"]
[Black "Maschits, Maxim"]
[Result "1-0"]
[WhiteElo "800"]
[BlackElo "800"]
[PlyCount "50"]
[EventDate "2002.??.??"]
[EventType "match (corr)"]
[EventRounds "2"]
[SourceTitle "Corr 2008"]
[Source "ChessBase"]
[SourceDate "2008.06.24"]
[SourceVersion "1"]
[SourceVersionDate "2008.06.24"]
[SourceQuality "1"]

1. c4 e5 2. Nc3 Nc6 3. g3 b6 4. Bg2 Bb7 5. Nf3 Nd4 6. 0-0 d6 7. e3 Ne6 8. d4 f5 9. dxe5 dxe5 10. Nxe5 Bxg2 11. Qa4+ c6 12. Kxg2 Ne7 13. Nxc6 Qd7 14. Nd4 Nc5 15. Qxd7+ Kxd7 16. Rd1 Ke8 17. b4 Nb7 18. Ne6 Kf7 19. Nc7 Rc8 20. N3b5 g6 21. Bb2 Bg7 22. Bxg7 Kxg7 23. Rd7 Kf6 24. Nxa7 Rhd8 25. Rxe7 Kxe7 1-0